| 000 | 00476nam a22001817a 4500 | ||
|---|---|---|---|
| 003 | OSt | ||
| 008 | 230518b2018 |||||||| |||| 00| 0 eng d | ||
| 020 | _a9789353502065 | ||
| 082 |
_a160 _bHUR-C |
||
| 100 | _aHurley, Patrick J. | ||
| 245 |
_aA Concise introduction to logic / _cPatrick J. Hurley and Lori Watson |
||
| 250 | _a13th ed. | ||
| 260 |
_aAustralia : _bCengage, _c2018. |
||
| 300 | _axxiii, 728 p. | ||
| 650 | _aLogic | ||
| 700 | _aWatson, Lori | ||
| 942 |
_2ddc _cBK |
||
| 999 |
_c19578 _d19578 |
||